书目信息 |
| 题名: |
新闻采访方法论
|
|
| 作者: | 艾丰 著 | |
| 分册: | ||
| 出版信息: | 北京 人民日报出版社 1982.5 |
|
| 页数: | 398页 | |
| 开本: | 19cm | |
| 丛书名: | ||
| 单 册: | ||
| 中图分类: | G212.1 | |
| 科图分类: | ||
| 主题词: | 新闻采访 | |
| 电子资源: | ||
| ISBN: | ||
| 000 | 00533nam0 2200205 45 | |
| 001 | 0302170940 | |
| 005 | 20041230150250.0 | |
| 010 | @dCNY1.10 | |
| 091 | @a3132.021 | |
| 100 | @a20030217d1982 km y0chiy0120 ea | |
| 101 | 0 | @achi |
| 105 | @a z 000yy | |
| 200 | 1 | @a新闻采访方法论@AXin Wen Cai Fang Fang Fa Lun@f艾丰著@FAi Feng Zhu |
| 210 | @a北京@c人民日报出版社@d1982.5 | |
| 215 | @a398页@d19cm | |
| 606 | 0 | @a新闻采访 |
| 690 | @aG212.1@v3 | |
| 701 | 0 | @a艾丰@4著 |
| 801 | @aCN@bTSTC@c20031215 | |
| 905 | @dG212.1@e10@f1@b79227 | |
| 新闻采访方法论/艾丰著.-北京:人民日报出版社,1982.5 |
| 398页;19cm |
| ISBN :CNY1.10 |
| ● |
| 相关链接 |
|
|
|
|
正题名:新闻采访方法论
索取号:G212.1/10
 
预约/预借
| 序号 | 登录号 | 条形码 | 馆藏地/架位号 | 状态 | 备注 |
| 1 | 0079226 | 001658833 | 密集书库/ [索取号:G212.1/10] | 在馆 | |
| 2 | 0079227 | 000493683 | 密集书库/ [索取号:G212.1/10] | 在馆 | |
| 3 | 0079627 | 000493674 | 第一样本阅览室/ [索取号:G212.1/10] | 在馆 | |
| 4 | 0161186 | 001734724 | 密集书库/ [索取号:G212.1/10] | 在馆 | |
| 5 | 0161187 | 001734760 | 密集书库/ [索取号:G212.1/10] | 在馆 |